000 005140000a22001810004500
003 MACL
005 20160309162431.0
008 160309b xxu||||| |||| 00| 0 eng d
040 _aMACL
_cMACL
041 _aHindi
082 _a891.432
100 _aचतुर्वेदी आचार्य श्रीसीताराम
_944269
245 _aदेवता
260 _bपुस्‍तक सदन
_aबनारस
350 _a1
650 _aDrama
_944270
942 _cHIN
_k891.432
_2ddc
999 _c23453
_d23453